Organizačné otázky bilaterálnej rozvojovej pomoci

Organizačné modely rozvojovej pomoci v rámci orgánov štátnej správy. Porovnanie modelov organizačného usporiadania. Legislatívna úprava rozvojovej spolupráce. Financovanie rozvojovej spolupráce a podpora verejnosti.

Salvato in:
Dettagli Bibliografici
Autore principale: Ščepán, Michal
Natura: Capitolo di libro
Lingua:slovacco
Soggetti:
Tags: Aggiungi Tag
Nessun Tag, puoi essere il primo ad aggiungerne!!

MARC

LEADER 00000nla$a2200000$$$4500
001 0117568
005 20240502072320.2
041 0 |a slo 
044 |a SK 
245 1 0 |a Organizačné otázky bilaterálnej rozvojovej pomoci  |c Michal Ščepán 
520 |a Organizačné modely rozvojovej pomoci v rámci orgánov štátnej správy. Porovnanie modelov organizačného usporiadania. Legislatívna úprava rozvojovej spolupráce. Financovanie rozvojovej spolupráce a podpora verejnosti. 
610 2 0 |a pomoc rozvojová 
610 2 0 |a pomoc medzinárodná 
610 2 0 |a pomoc finančná 
610 2 0 |a politika zahraničná 
610 2 0 |a vzťahy medzinárodné 
610 2 0 |a legislatíva 
610 2 0 |a ministerstvá 
610 2 0 |a správa štátna 
610 2 0 |a spolupráca medzinárodná 
100 1 |a Ščepán, Michal